[Event "Stay Safe Play From Home 317"]
[Site "Emanuel Lasker Arena"]
[Date "2020.07.20"]
[Round "5"]
[White "Mepe_Nika"]
[Black "Tran Minh Thang"]
[Result "1-0"]
[WhiteElo "2390"]
[BlackElo "2523"]
[Annotator "TA"]
[PlyCount "145"]
[EventDate "2020.07.20"]
[EventType "swiss (blitz)"]

{[%evp 12,145,24,35,30,8,16,-10,-11,-62,-68,-73,0,-31,-31,-35,-34,-52,8,-81,-66,-82,-78,-83,-73,-76,-68,-96,-90,-177,-173,-194,-200,-188,-160,-233,-227,-195,-143,-154,-120,-123,-29,-29,-46,-116,-106,-94,-94,-132,-94,-96,-49,-49,-34,-34,-21,-18,-8,-3,0,0,0,0,0,0,0,0,0,0,0,0,2,0,2,0,22,0,0,0,0,0,5580,0,25,25,31,32,42,66,80,8,8,0,8,8,8,8,8,8,18,8,18,8,8,0,8,8,8,8,8,8,8,8,8,8,8,8,8,8,8,8,8,8,8,0,0,0,29986,29985,29985,8,29992,29993,29993,29994]} 1. d4 Nf6 2. Bf4 d5 3. e3 c5 4. c3 Qb6 5. Qb3 e6 6. Nd2 Nc6 7. Ngf3 c4 {D02: 1 d4 d5 2 Nf3 sidelines, including 2...Nf6 3 g3 and 2...Nf6 3 Bf4.} 8. Qxb6 axb6 9. Be2 b5 {The position is equal.} 10. h3 (10. a3 $11) 10... b4 $15 11. O-O Bd7 (11... bxc3 $17 12. bxc3 b5) 12. cxb4 Bxb4 13. a3 Be7 14. Ne5 {[#]} Nxe5 $146 (14... h6 $15) ({Predecessor:} 14... O-O 15. Bg5 Rfd8 16. Rfc1 h6 17. Bxf6 Bxf6 18. Nxd7 Rxd7 19. b3 b5 20. bxc4 bxc4 {0-1 (27) De Oliveira,G (1501)-De Pieri,H (1863) Florianopolis 2014}) 15. Bxe5 (15. dxe5 $11 {remains equal.} Ng8 16. e4) 15... O-O 16. Bf3 Bc6 17. Rfe1 Nd7 18. Bg3 f5 19. Be2 b5 20. Nb1 (20. Nf3 $17) 20... b4 $19 21. Nd2 bxa3 22. bxa3 Rxa3 23. Nf3 (23. Rxa3 $17 {was necessary.} Bxa3 24. Ra1) 23... Rfa8 24. Rxa3 Bxa3 ({Better is} 24... Rxa3 $19 25. Rb1 Ra2) 25. Ra1 c3 {aiming for ...c2.} 26. Ne1 {[#]} Bb2 (26... Nb6 $1 $17 27. Bd3 Bb2 28. Rxa8+ Nxa8) 27. Rxa8+ $11 Bxa8 28. Kf1 (28. Bb5 $15 Nb6 29. Bd6) 28... Bc6 $17 29. Bd3 Nb6 30. Ke2 Kf7 31. Bd6 Ba4 32. Bc2 Bxc2 33. Nxc2 $15 {[%mdl 4096] Endgame KBN-KBN} Nc4 34. Bb4 Kf6 35. Kd3 e5 36. dxe5+ Nxe5+ 37. Kd4 Ke6 38. Bxc3 Nc6+ 39. Kd3 Bxc3 40. Kxc3 $11 {KN-KN} Ke5 41. Kd3 g6 42. f3 Ne7 43. Nd4 Nc8 44. g4 Nd6 45. f4+ (45. Ne2 {keeps more tension.} fxg4 46. hxg4 Ke6 47. Kd4 Nc4 48. g5) 45... Kf6 46. gxf5 Nxf5 $2 {[%mdl 8192]} (46... g5 $11) 47. Nf3 $2 (47. Nxf5 $18 Kxf5 48. Kd4) 47... Ke6 48. Ng5+ {[%mdl 64] [#] Double Attack} Kf6 49. Nxh7+ Kg7 50. Ng5 Kf6 51. e4 ({White should try} 51. Kd2 $16) 51... dxe4+ 52. Kxe4 Ng3+ 53. Kf3 Nf5 54. Ne4+ Kg7 55. Kg4 Ne7 56. Ng3 Kh6 57. h4 Ng8 58. h5 Kg7 59. Kg5 gxh5 60. Nxh5+ Kf7 61. Kf5 Ne7+ 62. Kg4 Ng6 63. f5 Ne5+ 64. Kf4 Nd7 65. Ng3 Nf8 66. Ne4 Kg8 67. Ng5 Nh7 68. Nxh7 Kxh7 69. Ke5 {Threatening mate with f6.} Kg8 $2 {[%mdl 8192]} (69... Kg7 $11) 70. Ke6 Kf8 71. f6 $2 (71. Kf6 {mates} Ke8 72. Kg7 Ke7 73. f6+ Ke6 74. f7 Kd5 75. f8=Q Kc4 76. Kf6) 71... Kg8 $4 {[%mdl 8192]} (71... Ke8 $11 72. f7+ Kf8 73. Kf6) 72. Ke7 Kh7 73. f7 {What a fight! Accuracy: White = 71%, Black = 76%.} 1-0

[Event "Stay Safe Play From Home 317"]
[Site "Emanuel Lasker Arena"]
[Date "2020.07.20"]
[Round "5"]
[White "SoulofWolf"]
[Black "NTBT_DHS"]
[Result "0-1"]
[WhiteElo "2156"]
[BlackElo "2499"]
[Annotator "TA"]
[PlyCount "58"]
[EventDate "2020.07.20"]
[EventType "swiss (blitz)"]

{[%evp 9,58,-24,12,-4,11,-29,-31,-217,-205,-250,-233,-277,-255,-247,-232,-268,-268,-345,-344,-348,-327,-351,-338,-449,-425,-656,-612,-589,-532,-731,-679,-807,-672,-735,-713,-704,-450,-455,-439,-440,-333,-332,-82,-83,-96,-1195,-1119,-29994,-29995,-29996,-29997]} 1. e4 g6 2. Nc3 Bg7 3. f4 d6 4. d3 Nc6 {[#]} 5. Nge2 $146 ({Predecessor:} 5. g3 Nf6 6. Nf3 O-O 7. Bg2 e5 8. Be3 Ne8 9. Qd2 a5 10. O-O f5 11. Rae1 {1-0 (22) Herrera Arboleda,K (1864)-Aviles Lana,M Guayaquil 2012}) 5... e6 6. Be3 {B06: Modern Defence.} Nge7 7. g3 d5 {Hoping for ...d4.} 8. Bg2 $2 (8. Bf2 $15) 8... d4 $19 {[%mdl 64] [#] Double Attack} 9. Bd2 dxc3 10. bxc3 O-O 11. O-O f5 12. Kh1 e5 13. d4 exd4 14. e5 Be6 15. Rb1 Bxa2 16. Rb2 Bd5 17. Rxb7 (17. cxd4 $142 Bxg2+ 18. Kxg2) 17... Bxg2+ 18. Kxg2 Qd5+ 19. Kg1 Nxe5 20. Rxc7 N5c6 21. Bc1 Rac8 22. Rb7 d3 23. cxd3 Rfe8 {And now ...Nd4 would win.} 24. Ba3 Nd4 25. Rxe7 Nxe2+ $2 (25... Rxe7 $19 {has better winning chances.} 26. Bxe7 Nf3+ 27. Rxf3 Qxf3 28. Qb3+ Kh8) 26. Rxe2 $17 Bxc3 27. Bc1 $2 {[%mdl 8192]} (27. Bb2 $17) 27... Bd4+ $19 28. Rff2 Rxe2 {[%mdl 64] [#] Overworked Piece} 29. Qxe2 Rxc1+ {Accuracy: White = 30%, Black = 71%.} 0-1

[Event "Stay Safe Play From Home 317"]
[Site "Emanuel Lasker Arena"]
[Date "2020.07.20"]
[Round "5"]
[White "TheCHESSHOUSE"]
[Black "Little champs"]
[Result "1-0"]
[WhiteElo "2075"]
[BlackElo "2336"]
[Annotator "TA"]
[PlyCount "39"]
[EventDate "2020.07.20"]
[EventType "swiss (blitz)"]

{[%evp 14,39,27,41,45,37,102,100,111,77,95,88,281,241,229,230,414,432,1010,998,1093,960,953,936,1219,971,1460,1425]} 1. d4 d5 2. c4 e6 3. g3 Nf6 4. Bg2 Be7 5. Nf3 O-O 6. O-O dxc4 7. Nbd2 c5 8. Nxc4 cxd4 {E05: Open Catalan: 5 Nf3 Be7.} 9. Nxd4 a6 (9... Nbd7 $14) 10. b3 {[#]} Qc7 $146 {White is better.} ({Predecessor:} 10... Nbd7 11. Bd2 Bc5 12. Ba5 Qe7 13. Rc1 Nd5 14. Bxd5 exd5 15. Ne3 Qe4 {1-0 (129) Ernst,S (2523)-Colpe,M (2378) Hamburg 2019}) 11. Bb2 Rd8 {Black wants to play ...e5.} 12. Qc1 Nc6 $2 (12... Bd7 $16 {was called for.}) 13. Nxc6 bxc6 14. Be5 Qb7 $2 {[#]} (14... Qa7 15. Bxc6 Bb7) 15. Na5 $1 $18 {[%csl LRb7,LRc6][%cal Ra5b7][%mdl 64] Double Attack} Qb4 (15... Qd7 $142 16. Bxc6 {[%mdl 64] Double Attack} Qa7 17. Bxa8 Qxa8) 16. Nxc6 {[%mdl 64] Double Attack} Qa3 17. Qxa3 Bxa3 18. Nxd8 Ra7 19. Nc6 Rc7 20. Bxc7 {White took control after the opening. Accuracy: White = 89%, Black = 32%.} 1-0

[Event "Stay Safe Play From Home 317"]
[Site "Emanuel Lasker Arena"]
[Date "2020.07.20"]
[Round "5"]
[White "Haxhi Baha"]
[Black "N_KRISHNA TEJA"]
[Result "0-1"]
[WhiteElo "2054"]
[BlackElo "2255"]
[Annotator "TA"]
[PlyCount "102"]
[EventDate "2020.07.20"]
[EventType "swiss (blitz)"]

{[%evp 9,102,6,35,42,12,-125,-4,-9,-1,-8,0,-10,-8,-5,-7,-6,0,0,-6,-17,0,0,0,-11,0,-61,-49,-46,-35,-39,5,0,0,-78,-67,-79,0,0,90,82,113,62,44,47,37,21,59,12,100,101,100,100,100,100,100,97,100,100,108,109,336,336,404,358,508,507,548,471,318,81,81,81,81,81,81,81,88,88,88,88,88,88,88,88,88,88,88,88,88,88,88,88,29974,73,88]} 1. e4 e6 2. Nf3 d5 3. exd5 exd5 4. d4 Nc6 5. c4 dxc4 {[#]} 6. d5 $146 {C01: French: Exchange Variation.} ({Predecessor:} 6. Bxc4 Bg4 7. O-O Bd6 8. h3 Bh5 9. g4 Bg6 10. Nc3 Nge7 11. Nb5 h5 12. Nxd6+ Qxd6 13. g5 O-O-O 14. Be3 {0-1 (45) Tendinha,F (1102)-Mendes,B (1393) Famalicao 2017}) 6... Bb4+ 7. Bd2 (7. Nc3 $11 {was the only way to keep the balance.} Qe7+ 8. Be2) 7... Bxd2+ ({Black should try} 7... Qxd5 $17 {White must now prevent ...Be6.} 8. Nc3 Qc5) 8. Qxd2 $11 {The position is equal.} Nce7 9. Nc3 Nf6 {[%cal Re7d5]} 10. Bxc4 O-O 11. O-O a6 12. h3 b5 13. Bb3 Bb7 14. Rfe1 Nexd5 15. Rad1 {[%cal Rc3d5]} c6 16. Ne5 Qb6 17. Qg5 ({Better is} 17. Nxc6 $11 Bxc6 18. Nxd5 (18. Bxd5 $2 Rad8 $19) 18... Bxd5 19. Bxd5) 17... Rad8 $15 18. Nxd5 Nxd5 19. Ng4 Kh8 20. Bxd5 cxd5 21. Qh4 (21. Re7 $11 {keeps the balance.}) 21... d4 $17 22. Re7 d3 (22... Kg8 $17) 23. Ne5 $11 {[%mdl 64] [#] Double Attack} Bd5 (23... Kg8 $11 {remains equal.}) 24. Rxd3 $16 {Rd7 is the strong threat.} Bc4 25. Rxd8 (25. Nxc4 $16 bxc4 26. Qxc4) 25... Qxd8 $14 26. Nxc4 bxc4 $16 {[%mdl 4096] Endgame KQR-KQR} 27. Qe4 h6 28. Ra7 Qb6 (28... Qd1+ $11 29. Kh2 Qa4) 29. Rxf7 {[%mdl 64] [#] Deflection, Decoy} Rxf7 30. Qe8+ {[%mdl 64] Double Attack} Kh7 31. Qxf7 Qxb2 {KQ-KQ} 32. Qf5+ Kg8 33. Qe6+ Kh7 34. Qe4+ Kg8 $2 (34... Kh8 $16 {was necessary.}) 35. Qxc4+ $18 Kh7 36. Qd3+ Kh8 (36... g6 $142 37. Qxa6 Qc1+ 38. Qf1 Qc2) 37. Qxa6 Kh7 38. Qd3+ Kh8 39. a4 $2 (39. Qc4 $18) 39... Qa1+ $16 40. Kh2 Qxa4 41. g3 Qa8 42. h4 Qg8 43. Qg6 Qf8 44. Kg2 Kg8 45. f3 Qa8 46. Qe6+ Kh8 47. g4 Qf8 48. Qf5 Qa8 49. Kg3 Qa2 50. Qc8+ Qg8 $2 {[%mdl 8192]} (50... Kh7 $16 51. Qb7 Kg8 52. Qc8+ Kh7 53. Qf5+ Kg8 54. Qc8+ Kh7) 51. Qd7 $2 (51. Qxg8+ {mates} Kxg8 52. Kf4 Kf8 53. Kf5 Kf7 54. f4 Ke7 55. Kg6 Kf8 56. g5) 51... Qf8 {[%mdl 32768] Accuracy: White = 70%, Black = 59%. . Loss on time!?} 0-1

[Event "Stay Safe Play From Home 317"]
[Site "Emanuel Lasker Arena"]
[Date "2020.07.20"]
[Round "5"]
[White "Buzaglo"]
[Black "Haris kollari 13"]
[Result "1-0"]
[WhiteElo "1895"]
[BlackElo "1726"]
[Annotator "NA RC"]
[PlyCount "59"]
[EventDate "2020.07.20"]
[EventType "swiss (blitz)"]

1. d4 {[%emt 0:00:01]} e6 {[%emt 0:00:01]} 2. Nf3 {[%emt 0:00:00]} d5 {[%emt 0:00:00]} 3. g3 {[%emt 0:00:00]} c5 {[%emt 0:00:01]} 4. Bg2 {[%emt 0:00:00]} Nc6 {[%emt 0:00:01]} 5. O-O {[%emt 0:00:01]} f5 {[%emt 0:00:01]} 6. c4 {[%emt 0:00:01]} dxc4 {[%emt 0:00:01]} 7. Qc2 {[%emt 0:00:03]} Nxd4 {[%emt 0:00:03]} 8. Nxd4 {[%emt 0:00:02]} cxd4 {[%emt 0:00:01]} 9. Qxc4 {[%emt 0:00:01]} Nf6 {[%emt 0:00:03]} 10. Bg5 {[%emt 0:00:02]} Be7 {[%emt 0:00:02]} 11. Nd2 {[%emt 0:00:05]} O-O {[%emt 0:00:02]} 12. Nb3 {[%emt 0:00:01]} Bd7 {[%emt 0:00:07]} 13. Bxb7 {[%emt 0:00:04]} Rb8 {[%emt 0:00:01]} 14. Bg2 {[%emt 0:00:02]} Ne4 {[%emt 0:00:03]} 15. Bxe7 {[%emt 0:00:02]} Qxe7 {[%emt 0:00:01]} 16. Qxd4 {[%emt 0:00:01]} Rfd8 {[%emt 0:00:04]} 17. Qe5 {[%emt 0:00:02]} Ng5 {[%emt 0:00:06]} 18. Rad1 {[%emt 0:00:03]} Ba4 {[%emt 0:00:03]} 19. Qa5 {[%emt 0:00:04]} Bxb3 {[%emt 0:00:02]} 20. axb3 {[%emt 0:00:00]} Rxd1 {[%emt 0:00:03]} 21. Rxd1 {[%emt 0:00:00]} Rxb3 {[%emt 0:00:01]} 22. Rd8+ {[%emt 0:00:01]} Kf7 {[%emt 0:00:02]} 23. Bc6 {[%emt 0:00:02]} Kg6 {[%emt 0:00:03]} 24. h4 {[%emt 0:00:03]} Ne4 {[%emt 0:00:02]} 25. Rd7 {[%emt 0:00:05]} Qf6 {[%emt 0:00:01]} 26. Bxe4 {[%emt 0:00:02]} fxe4 {[%emt 0:00:01]} 27. h5+ {[%emt 0:00:00]} Kh6 {[%emt 0:00:01]} 28. Kg2 {[%emt 0:00:02]} Rxb2 {[%emt 0:00:01]} 29. Qe1 {[%emt 0:00:04]} Qe5 {[%emt 0:00:02]} 30. e3 {[%emt 0:00:01] Time (Lag: Av=0.57s, max=1.2s)} 1-0

[Event "Stay Safe Play From Home 317"]
[Site "Emanuel Lasker Arena"]
[Date "2020.07.20"]
[Round "5"]
[White "NeatFox"]
[Black "Bardellosport"]
[Result "1-0"]
[WhiteElo "1792"]
[BlackElo "2072"]
[Annotator "TA"]
[PlyCount "57"]
[EventDate "2020.07.20"]
[EventType "swiss (blitz)"]

{[%evp 9,56,361,448,447,528,531,525,534,547,404,444,456,510,444,625,594,629,625,676,652,864,573,823,760,1017,842,1719,1718,2731,2648,2812,2045,2043,2023,1981,1894,2751,2577,29984,29985,29996,29997,29997,29998,29998,29997,29998,29999,29999]} 1. g4 d6 2. Bg2 Nc6 3. c4 e5 {[#]} 4. Qb3 $146 ({Predecessor:} 4. h3 Nge7 5. Nc3 Ng6 6. d3 Be7 7. Nf3 Be6 8. Nd5 O-O 9. Be3 Bxd5 10. cxd5 Nb8 {0-1 (67) Tiitta,S (2231)-Linden,L (2096) Finland 2015}) 4... Rb8 5. Bxc6+ bxc6 6. Qxb8 {A00: Irregular Openings.} Nf6 7. g5 Nd7 8. Qxa7 {White is clearly winning.} Be7 9. Qe3 O-O 10. h4 f6 11. Nf3 fxg5 (11... d5 $142 12. gxf6 Bxf6) 12. hxg5 $18 g6 13. d3 d5 14. cxd5 Bc5 15. Qd2 Qe7 16. Nc3 Qf7 17. Ne4 Ba7 18. dxc6 Nb6 19. Nf6+ Kh8 20. Rxh7+ Qxh7 21. Nxh7 Kxh7 22. Qc3 Bg4 23. Qxe5 Rf7 {[#]} 24. Be3 $1 {White mates.} Kg8 25. Qe8+ Rf8 26. Qxg6+ Kh8 27. O-O-O {[%cal Ba1d1,Bd1h1,Bh1h3][%mdl 32]} Nd5 28. Rh1+ Bh3 29. Rxh3# {Black did not feel at home in the position after the opening.} 1-0

[Event "Stay Safe Play From Home 317"]
[Site "Emanuel Lasker Arena"]
[Date "2020.07.20"]
[Round "5"]
[White "Edmatuag"]
[Black "Klasman"]
[Result "0-1"]
[WhiteElo "1656"]
[BlackElo "1346"]
[Annotator "NA RC"]
[PlyCount "64"]
[EventDate "2020.07.20"]
[EventType "swiss (blitz)"]

1. d4 {[%emt 0:00:03]} f5 {[%emt 0:00:01]} 2. c4 {[%emt 0:00:02]} Nf6 {[%emt 0:00:01]} 3. Nc3 {[%emt 0:00:00]} e6 {[%emt 0:00:01]} 4. g3 {[%emt 0:00:01]} Bb4 {[%emt 0:00:01]} 5. Bg2 {[%emt 0:00:01]} c6 {[%emt 0:00:01]} 6. Bd2 {[%emt 0:00:01]} d5 {[%emt 0:00:02]} 7. Qb3 {[%emt 0:00:02]} Bxc3 {[%emt 0:00:03]} 8. bxc3 {[%emt 0:00:02]} Nbd7 {[%emt 0:00:01]} 9. Bf4 {[%emt 0:00:02]} O-O {[%emt 0:00:06]} 10. Bd6 {[%emt 0:00:02]} Re8 {[%emt 0:00:01]} 11. f3 {[%emt 0:00:02]} Nb6 {[%emt 0:00:03]} 12. c5 {[%emt 0:00:02]} Nc4 {[%emt 0:00:02]} 13. Be5 {[%emt 0:00:03]} a6 {[%emt 0:00:05]} 14. e4 {[%emt 0:00:06]} fxe4 {[%emt 0:00:02]} 15. fxe4 {[%emt 0:00:01]} Ne3 {[%emt 0:00:01]} 16. Bh3 {[%emt 0:00:07]} Nxe4 {[%emt 0:00:02]} 17. Nf3 {[%emt 0:00:06]} Qa5 {[%emt 0:00:02]} 18. Rc1 {[%emt 0:00:03]} Nc4 {[%emt 0:00:04]} 19. O-O {[%emt 0:00:02]} Ne3 {[%emt 0:00:03]} 20. Qb2 {[%emt 0:00:02]} Nc4 {[%emt 0:00:03]} 21. Qf2 {[%emt 0:00:02]} Nxe5 {[%emt 0:00:01]} 22. Qe2 {[%emt 0:00:01]} Nxf3+ {[%emt 0:00:01]} 23. Rxf3 {[%emt 0:00:01]} Bd7 {[%emt 0:00:01]} 24. Qf1 {[%emt 0:00:01]} Rf8 {[%emt 0:00:01]} 25. Rc2 {[%emt 0:00:00]} Rxf3 {[%emt 0:00:02]} 26. Qxf3 {[%emt 0:00:00]} Rf8 {[%emt 0:00:01]} 27. Qe3 {[%emt 0:00:00]} Nxc3 {[%emt 0:00:02]} 28. Rc1 {[%emt 0:00:00]} Qxa2 {[%emt 0:00:01]} 29. Rf1 {[%emt 0:00:01]} Ne4 {[%emt 0:00:01]} 30. Rxf8+ {[%emt 0:00:02]} Kxf8 {[%emt 0:00:01]} 31. Qf4+ {[%emt 0:00:01]} Kg8 {[%emt 0:00:01]} 32. Qb8+ {[%emt 0:00:00]} Kf7 {[%emt 0:00:01] Time (Lag: Av=0.68s, max=1.0s)} 0-1

[Event "Stay Safe Play From Home 317"]
[Site "Emanuel Lasker Arena"]
[Date "2020.07.20"]
[Round "5"]
[White "Trotsky"]
[Black "UHU4"]
[Result "1-0"]
[WhiteElo "1607"]
[BlackElo "1422"]
[Annotator "NA RC"]
[PlyCount "25"]
[EventDate "2020.07.20"]
[EventType "swiss (blitz)"]

{- Manoc a, Calota} 1. d4 {[%emt 0:00:01]} d5 {[%emt 0:00:01]} 2. e3 {[%emt 0:00:00]} c5 {[%emt 0:00:03]} 3. c4 {[%emt 0:00:01]} Nc6 {[%emt 0:00:02]} 4. Nc3 {[%emt 0:00:01]} e6 {[%emt 0:00:02]} 5. a3 {[%emt 0:00:01]} Nf6 {[%emt 0:00:01]} 6. Nf3 {[%emt 0:00:01]} Be7 {[%emt 0:00:02]} 7. Qc2 {[%emt 0:00:01]} cxd4 {[%emt 0:00:02]} 8. exd4 {[%emt 0:00:03]} a6 {[%emt 0:00:01]} 9. Be3 {[%emt 0:00:02]} O-O {[%emt 0:00:02]} 10. c5 {[%emt 0:00:03]} Qc7 {[%emt 0:00:06]} 11. Bd3 {[%emt 0:00:01]} e5 {[%emt 0:00:02]} 12. Ng5 {[%emt 0:00:01]} e4 {[%emt 0:00:02]} 13. Ncxe4 {[%emt 0:00:01] UHU4 reconnected. ' Tiempo (Lag: Av=0.55s, max=1.2s)} 1-0

[Event "Stay Safe Play From Home 317"]
[Site "Emanuel Lasker Arena"]
[Date "2020.07.20"]
[Round "5"]
[White "Declan 1234"]
[Black "Greblha"]
[Result "0-1"]
[WhiteElo "1284"]
[BlackElo "1902"]
[Annotator "NA RC"]
[PlyCount "48"]
[EventDate "2020.07.20"]
[EventType "swiss (blitz)"]

1. e4 {[%emt 0:00:01]} c6 {[%emt 0:00:00]} 2. Nc3 {[%emt 0:00:03]} d5 {[%emt 0:00:00]} 3. exd5 {[%emt 0:00:01]} cxd5 {[%emt 0:00:01]} 4. d4 {[%emt 0:00:00]} Nc6 {[%emt 0:00:01]} 5. Nf3 {[%emt 0:00:01]} g6 {[%emt 0:00:00]} 6. Be2 {[%emt 0:00:01]} Bg7 {[%emt 0:00:00]} 7. Be3 {[%emt 0:00:02]} Nh6 {[%emt 0:00:01]} 8. O-O {[%emt 0:00:01]} Nf5 {[%emt 0:00:01]} 9. h3 {[%emt 0:00:11]} O-O {[%emt 0:00:01]} 10. Qd2 {[%emt 0:00:04]} Nxe3 {[%emt 0:00:01]} 11. Qxe3 {[%emt 0:00:03]} Bf5 {[%emt 0:00:01]} 12. Bd3 {[%emt 0:00:02]} Bxd3 {[%emt 0:00:01]} 13. Qxd3 {[%emt 0:00:01]} Nb4 {[%emt 0:00:01]} 14. Qd2 {[%emt 0:00:03]} e6 {[%emt 0:00:01]} 15. a3 {[%emt 0:00:02]} Nc6 {[%emt 0:00:02]} 16. b4 {[%emt 0:00:03]} Rc8 {[%emt 0:00:01]} 17. Ne2 {[%emt 0:00:03]} Ne7 {[%emt 0:00:02]} 18. Rac1 {[%emt 0:00:02]} Rc4 {[%emt 0:00:01]} 19. Ng3 {[%emt 0:00:02]} Qc7 {[%emt 0:00:01]} 20. c3 {[%emt 0:00:02]} Nf5 {[%emt 0:00:01]} 21. Ne2 {[%emt 0:00:05]} Rc8 {[%emt 0:00:02]} 22. Qf4 {[%emt 0:00:01]} Qxf4 {[%emt 0:00:01]} 23. Nxf4 {[%emt 0:00:00]} Rxc3 {[%emt 0:00:01]} 24. Ne5 {[%emt 0:00:03]} Bxe5 {[%emt 0:00:02] Zeit (Lag: Av=0.62s, max=0.7s)} 0-1

[Event "Stay Safe Play From Home 317"]
[Site "Emanuel Lasker Arena"]
[Date "2020.07.20"]
[Round "6"]
[White "NTBT_DHS"]
[Black "NeatFox"]
[Result "1-0"]
[WhiteElo "2504"]
[BlackElo "1821"]
[Annotator "TA"]
[PlyCount "93"]
[EventDate "2020.07.20"]
[EventType "swiss (blitz)"]

{[%evp 12,93,45,26,57,31,77,54,62,45,84,18,80,33,81,81,78,68,114,64,65,68,119,67,125,82,183,165,165,84,87,45,48,50,43,47,39,-156,54,46,73,20,11,9,50,12,53,34,36,37,105,105,98,100,163,98,262,229,635,632,625,606,577,575,445,0,29981,29982,29982,29983,29983,29984,29984,29985,29985,29986,29987,29987,29987,29988,29985,29986,29989,29990]} 1. e4 c6 2. Nf3 d5 3. exd5 cxd5 4. d4 Nc6 5. Bd3 Nf6 6. c3 e6 7. h3 {[#]} g6 $146 {B13: Caro-Kann: Exchange Variation and Panov-Botvinnik Attack.} ({Predecessor:} 7... Bd6 8. O-O O-O 9. Re1 Qc7 10. Qe2 b6 11. Ne5 Bb7 12. Nd2 Rfe8 13. f4 g6 14. g4 a6 15. h4 b5 16. a3 {½-½ (45) Giri,A (2775)-Riazantsev,A (2654) Geneva 2017}) 8. Bg5 Be7 9. Nbd2 Bd7 {White is slightly better.} 10. Qc2 Qb6 11. b4 (11. Bh6 $16) 11... a6 (11... Rc8 $11 {keeps the balance.} 12. a3 Qc7) 12. a3 h6 13. Bf4 g5 14. Bh2 Nh5 15. Ne5 Nxe5 16. Bxe5 Nf6 (16... Bf6 $14) 17. Nb3 (17. a4 $16) 17... Rg8 (17... Ba4 $14) 18. Nc5 Bc6 (18... Bb5 $16) 19. a4 $18 Qd8 20. a5 (20. O-O $18) 20... Bd6 $16 21. O-O Bxe5 $1 22. dxe5 Nd7 23. Nxd7 Qxd7 24. Rad1 $2 (24. Be2 $14 {stays ahead.}) 24... Qc7 $2 ({Black should try} 24... Ba4 $17 25. Qe2 Bxd1 26. Rxd1 Qc7) 25. Qe2 $14 O-O-O 26. Qe3 (26. Rfe1 $16) 26... Kb8 $11 27. Be2 Rgf8 28. Rd4 Bb5 29. Bxb5 axb5 30. f4 gxf4 {Black is now going downhill.} ({Black should play} 30... Rg8 $14) 31. Rdxf4 $16 (31. Rfxf4 $6 f5 $11) 31... Rd7 32. Rf6 Qc4 (32... Rc8 $16 {was necessary.}) 33. R1f4 ({Resist} 33. Rxh6 $6 d4 $16) (33. Qxh6 $18 Re8 34. Qd2) 33... Qc7 $2 {[#]} (33... Qb3 $16) 34. Rxe6 $1 $18 {[%mdl 512]} fxe6 $2 (34... Rc8 35. Rxh6 Re7) 35. Rxf8+ Rd8 36. Qxh6 Rxf8 37. Qxf8+ {[%mdl 4096] Endgame KQ-KQ} Ka7 38. Qc5+ $2 ({White has to play} 38. Qf2+ $18 Kb8 39. Qe3) 38... Kb8 $2 {[%mdl 8192] [#]} (38... Qxc5+ $11 39. bxc5 d4) 39. Qxc7+ {White mates.} Kxc7 {KP-KP} 40. h4 Kd7 41. h5 Ke7 42. g4 Kf7 43. g5 Kg7 44. Kf2 Kh7 45. Ke3 Kg7 46. Kd4 Kh7 47. Kc5 {Accuracy: White = 54%, Black = 39%.} 1-0